[Event "Windsor NAYCC U14"]
[Site "Windsor"]
[Date "2016.08.11"]
[Round "9.75"]
[White "Butchart, Brian"]
[Black "Rama, Vikas"]
[Result "0-1"]
[WhiteElo "1177"]
[BlackElo "1627"]
[PlyCount "90"]
[EventDate "2016.08.07"]
[EventType "swiss"]
[EventRounds "9"]
[EventCountry "CAN"]
[SourceTitle "EXT 2022"]
[Source "ChessBase"]
[SourceDate "2021.10.06"]
[SourceVersion "1"]
[SourceVersionDate "2021.10.06"]
[SourceQuality "1"]

1. e4 c5 2. Nc3 Nc6 3. g3 g6 4. Bg2 Bg7 5. d3 e6 6. Be3 b6 7. Nge2 Nge7 8. Qd2 d5 9. exd5 exd5 10. Bh6 0-0 11. Bxg7 Kxg7 12. 0-0-0 Be6 13. h4 h5 14. Bh3 Bxh3 15. Rxh3 Qd7 16. Rdh1 Ne5 17. Nf4 d4 18. Ne4 Nd5 19. Nxd5 Qxd5 20. Kb1 Qe6 21. Qf4 Qf5 22. Qg5 f6 23. Qd2 Nf3 24. Qd1 Qg4 25. Nd2 Nxd2+ 26. Qxd2 Rae8 27. R3h2 Re2 28. Qd1 Rfe8 29. Rf1 Qe6 30. Rhh1 f5 31. a3 b5 32. Rhg1 a5 33. f4 Qe3 34. Qc1 Qe6 35. Rf3 b4 36. b3 a4 37. bxa4 Qc6 38. Rgf1 Qxa4 39. R3f2 bxa3 40. Ka2 c4 41. dxc4 Qxc4+ 42. Ka1 Qc3+ 43. Ka2 Re1 44. Qxa3 Qa1+ 45. Kb3 R1e3+ 0-1

[Event "Windsor NAYCC U14"]
[Site "Windsor"]
[Date "2016.08.10"]
[Round "7.71"]
[White "Bu, Kevin1111"]
[Black "Rama, Vikas"]
[Result "1-0"]
[WhiteElo "1948"]
[BlackElo "1627"]
[PlyCount "73"]
[EventDate "2016.08.07"]
[EventType "swiss"]
[EventRounds "9"]
[EventCountry "CAN"]
[SourceTitle "EXT 2022"]
[Source "ChessBase"]
[SourceDate "2021.10.06"]
[SourceVersion "1"]
[SourceVersionDate "2021.10.06"]
[SourceQuality "1"]

1. e4 c5 2. d3 Nc6 3. g3 g6 4. Bg2 Bg7 5. c3 d6 6. f4 e5 7. Nf3 Nge7 8. Na3 a6 9. 0-0 0-0 10. Be3 Kh8 11. Qd2 f5 12. Nc2 Be6 13. h3 exf4 14. gxf4 fxe4 15. dxe4 b6 16. Rfd1 d5 17. Ng5 Bg8 18. exd5 Rc8 19. dxc6 h6 20. Qxd8 Rfxd8 21. Rxd8 Rxd8 22. Ne4 Nxc6 23. Nf6 Bxf6 24. Bxc6 Rd6 25. Bf3 Kg7 26. Rd1 Rxd1+ 27. Bxd1 Bxa2 28. Be2 Bd5 29. Bxa6 Kf7 30. Na3 Ke6 31. Nc4 Bxc4 32. Bxc4+ Kf5 33. Bd3+ Ke6 34. Bxg6 Kd5 35. Bd3 c4 36. Bc2 b5 37. f5 1-0